000 00334nam a22001337a 4500
008 181102b xxu||||| |||| 00| 0 eng d
020 _a0879674881
041 _aeng
080 _22nd
_a101
100 _a24
101 _aFIL
245 _aTaking Sides: Clashing Views on Controversial Economic Issues
_cSwartz,Th.R
942 _2udc
_cBK
999 _c51766
_d51766